Fr. Conceicao Rodrigues College of Engineering

Combinatorics including concepts of Graph theory (Record no. 31411)

MARC details
000 -LEADER
fixed length control field 00387nam a2200169Ia 4500
082 ## - DEWEY DECIMAL CLASSIFICATION NUMBER
Classification number 510
Item number BAL
100 ## - MAIN ENTRY--PERSONAL NAME
Personal name Balakrishnan/V.K
245 ## - TITLE STATEMENT
Title Combinatorics including concepts of Graph theory
260 ## - PUBLICATION, DISTRIBUTION, ETC.
Name of publisher, distributor, etc. Tata McGraw Hil
Date of publication, distribution, etc. 1995
366 ## - TRADE AVAILABILITY INFORMATION
Publishers's discount category 25
300 ## - PHYSICAL DESCRIPTION
Extent 200
546 ## - LANGUAGE NOTE
Language note ENGLISH
-- production
650 ## - SUBJECT ADDED ENTRY--TOPICAL TERM
Topical term or geographic name entry element Graph theory
654 ## - SUBJECT ADDED ENTRY--FACETED TOPICAL TERMS
Focus term graph theory
942 ## - ADDED ENTRY ELEMENTS (KOHA)
Koha item type BOOK
Holdings
Withdrawn status Lost status Damaged status Not for loan Collection Home library Current library Date acquired Source of acquisition Cost, normal purchase price Inventory number Total Checkouts Total Renewals Full call number Barcode Date last seen Date last checked out Cost, replacement price Price effective from Koha item type
        CRC Fr. Agnel's C.Rodrigues College of Engineering Fr. Agnel's C.Rodrigues College of Engineering 17/03/2023 Book Base 138.75 9633 dt 28/04/2010 1 1 510 BAL 20571 01/10/2024 19/09/2024 185.00   BOOK